Diccionario de preguntas gestión por competencias: cómo planificar la entrevista por competencias

Đã lưu trong:
Chi tiết về thư mục
Tác giả chính: Alles, Martha Alicia (autora)
Định dạng: Sách
Ngôn ngữ:Tiếng Tây Ban Nha
Được phát hành: Buenos Aires Granica 2003
Phiên bản:1a. ed
Những chủ đề:
Các nhãn: Thêm thẻ
Không có thẻ, Là người đầu tiên thẻ bản ghi này!

MARC

LEADER 00000cam a2200000 a 4500
001 UCD6864
003 CL-VaPUC
005 20241115115924.0
008 170226e20030000ag |||||||||||||||||spa|d
999 |c 367041  |d 367039 
020 |a 950641422X 
040 |c Pontificia Universidad Católica de Valparaíso 
082 0 4 |a 658.3  |b ALL  |2 21 
100 |a Alles, Martha Alicia  |e autora  |9 254834 
245 1 0 |a Diccionario de preguntas gestión por competencias: cómo planificar la entrevista por competencias 
250 |a 1a. ed 
260 |a Buenos Aires  |b Granica  |c 2003 
300 |a 267 p 
583 |a last modification  |c 20170226 00:48:00  |k Rodrigo Vera 
650 0 |a Planificación de recursos humanos  |9 886128 
650 0 |a Entrevistas de empleo  |9 893854 
650 0 |a Cualificaciones profesionales  |9 893676 
650 0 |a Gestión de recursos humanos   |9 879947 
942 |c BK  |2 ddc 
945 |d 20170226 00:48:00  |a arojas 
952 |0 0  |1 0  |3 erb  |4 0  |6 658_300000000000000_ALL_2003  |7 0  |8 R  |9 481723  |a BIBENE  |b BIBENE  |i 5327423  |o 658.3 ALL 2003  |p 5327423  |r 2025-01-15  |w 2019-11-24  |y BK_R  |z Catalogado en:20170226  |k ICO